000 00624nam a2200241Ia 4500
003 OSt
005 20221006144701.0
006 a|||||r|||| 00| 0
007 ta
008 221006b |||||||| |||| 00| 0 eng d
020 _cSh.30.00
024 _a12,361
037 _cTextual
040 _aEASL
_cEASL
_beng
041 _2eng
_aeng
082 _aV41.N5, K31
100 _aCHU Valentin
_9652604
245 0 _aInside story of communist China
260 _aLondon
_bGeorge Allen & Unwin
_c1963
300 _a320p.
_ccm.
942 _hV41.N5, K31
_cTEXL
_2CC
999 _c1080447
_d1080447